Classement FIFA Mondial masculin et féminin de Football - Statistiques

Statistiques générales
  • Ce quiz a été pris 649 fois
  • Le résultat moyen est 17 sur 20
Statistiques - réponses
Rang Pays % Correct
2 France
100%
10 France
100%
3 Espagne
99%
3 Espagne
99%
1 Argentine
98%
5 Brésil
97%
8 Brésil
97%
4 Angleterre
95%
2 Angleterre
95%
1 États-Unis
95%
10 Italie
93%
4 Allemagne
92%
8 Portugal
91%
6 Belgique
83%
7 Pays-Bas
83%
7 Japon
68%
5 Suède
68%
6 Canada
65%
9 Colombie
45%
9 Corée du Nord
11%
Aucun quiz correspondant
Distribution des résultats
% des personnes avec chaque résultat
Percentile par nombre de réponses
Votre historique - résultats
Vous n’avez pas pris ce quiz